02383cam a2200397 a 450000100090000000300050000900500170001400800410003101000170007201600180008902000180010702000150012503500240014004000640016404200080022805000220023608200220025808400230028010000270030324500450033025000120037526000340038730000350042150508110045665000160126765000300128365000240131385600910133785600920142885601060152090600450162694200120167199900190168395201470170295201360184916910802NUST20220722110922.0110809s2012 njua b 001 0 eng  a 20110331967 a0158646102Uk a9780470631553 a0470631554 a(OCoLC)ocn714728044 aDLCcDLCdYDXdBTCTAdUKMGBdYDXCPdBWXdCDXdBDXdUPMdDLC apcc00aTK7876b.P69 201200a621.3813, POZ223 aTEC0240002bisacsh1 aPozar, David M.92822710aMicrowave engineering /cDavid M. Pozar. a4th ed. aHoboken, NJ :bWiley,cc2012. axvii, 732 p. :bill. ;c26 cm. aChapter 1. Electromagnetic Theory (Page-1), Chapter 2. Transmission Line Theory (Page-48),Chapter 3. Transmission Lines and Waveguides (Page-95),Chapter 4. Microwave Network Analysis (Page-165),Chapter 5. Impedance Matching and Tuning (Page-228),Chapter 6. Microwave Resonators (Page-272),Chapter 7. Power Dividers and Directional Couplers (Page-317),Chapter 8. Microwave Filters (Page-380),Chapter 9. Theory and Design of Ferromagnetic Components (Page-451),Chapter 10. Noise and Active RF Components (Page-496),Chapter 11. Microwave Amplifier Design. Active RF and Microwave Devices (Page-524),Chapter 12. Oscillators and Mixers Microwave Amplifier Design (Page-558),Chapter 13. Introduction to Microwave Systems Oscillators and Mixers (Page-604),Chapter 14: Introduction to Microwave Systems (Page-658). 0aMicrowaves. 0aMicrowave devices.928228 0aMicrowave circuits.423Publisher descriptionuhttp://www.loc.gov/catdir/enhancements/fy1210/2011033196-d.html413Table of contents onlyuhttp://www.loc.gov/catdir/enhancements/fy1210/2011033196-t.html423Contributor biographical informationuhttp://www.loc.gov/catdir/enhancements/fy1506/2011033196-b.html a7bcbccorignewd1eecipf20gy-gencatlg 2ddccBK c590513d590513 00102ddc4070aMCSbMCScREFd2022-07-22l1o621.3813,POZpMCS38613r2024-08-26s2024-08-22w2022-07-22yBKzAlmirah Fresh No.45, Shelf No.2 00102ddc4070aMCSbMCScREFd2022-07-22l0o621.3813, POZpMCS38614r2022-07-22w2022-07-22yBKzAlmirah Fresh No.43 Shelf No.5